00610nam a2200205Ia 4500003000400000005001700004008004100021040000700062041000800069082001600077100002800093245004300121260002000164300000800184650002200192700002700214942001300241999001900254952013100273OSt20251205125521.0250729s2005 xx 000 0 und d cAL aeng a370.78 SHIR aShirur Rajani R9225859 aReproductive & sexual health education aNew Delhic2005 a79p aEducation9225860 aRao Digumurthi9225861 2ddccBED c237099d237099 00104070aALbALd2025-07-29eSita Book Houseg175.00l0o370.78 SHIRpBED02418r2025-07-29 16:55:23v175.00w2025-07-29yBK